Monument de londre - Statistiques

Statistiques générales
  • Ce quiz a été pris 44 fois
  • Le résultat moyen est 6 sur 6
Answers on the Grid
Answers color-coded by a green-red scale on the quiz's grid according to % correct below.
London eyes
Tower bridge
L’abbey westminster
Big ben
Buckingham palace
katerdral de saint paul
Burj khalifa
Taj mahal
la casa batllo
la Casa Milà
 
Statistiques - réponses
Réponse % Correct
Big ben
100%
London eyes
100%
Tower bridge
100%
Buckingham palace
90%
L’abbey westminster
90%
katerdral de saint paul
70%
Aucun quiz correspondant
Distribution des résultats
% des personnes avec chaque résultat
Percentile par nombre de réponses
Votre historique - résultats
Vous n’avez pas pris ce quiz